[Event "Chessable Masters Play-In"]
[Site "chess.com INT"]
[Date "2025.02.17"]
[Round "7"]
[White "Wei Yi"]
[Black "Sjugirov, S."]
[Result "1-0"]
[WhiteElo "2755"]
[BlackElo "2643"]
[PlyCount "95"]
[EventDate "2025.02.17"]

1. Nf3 d5 2. e3 Nf6 3. c4 c6 4. Nc3 e6 5. b3 Bd6 6. Bb2 O-O 7. h3 a6 ({RR} 7... Nbd7 8. Qc2 e5 9. cxd5 Nxd5 10. a3 Nxc3 11. Bxc3 Qe7 12. Be2 e4 13. Nd4 Nf6 14. b4 Bd7 15. g4 Nd5 16. Bb2 a5 17. b5 c5 18. Nf5 Bxf5 19. gxf5 Be5 20. Rc1 Rac8 21. Rg1 Qf6 22. Bxe5 {Wei Yi (2762)-Artemiev,V (2699) Almaty KAZ 2024 ½-½ (89)}) ({RR} 7... e5 8. cxd5 cxd5 9. Nb5 Nc6 10. Nxd6 Qxd6 11. Bb5 Nd7 12. Rc1 Qg6 13. O-O e4 14. Nh4 Qe6 15. Bxc6 bxc6 16. Qg4 Nf6 17. Qf4 Nh5 18. Qg5 g6 19. g4 f6 20. Qh6 Ng7 21. f4 Qd7 22. f5 {Zhao,Y (2466)-Eren,A (2402) Prague CZE 2025 ½-½ (47)}) ({RR} 7... Nbd7 8. g4 Qe7 9. Qc2 Ba3 10. Bxa3 Qxa3 11. g5 Ne8 12. Bd3 f5 13. gxf6 Ndxf6 14. Ne5 Nd6 15. Rg1 Nf5 16. Ne2 a5 17. cxd5 Nxd5 18. Bc4 Qd6 19. d4 a4 20. bxa4 Qb4+ 21. Qd2 Qxa4 22. e4 {Svidler,P (2698)-Sjugirov,S (2651) Ajka HUN 2024 1-0 (34)}) 8. g4 b5 9. g5 $146 ({RR} 9. d4 Nbd7 10. Bg2 bxc4 11. bxc4 Rb8 12. Rb1 a5 13. O-O Ba6 14. Nd2 e5 15. Re1 exd4 16. exd4 dxc4 17. Bxc6 Qc7 18. Bg2 Bf4 19. Nde4 Rfe8 20. Ba1 h6 21. d5 Be5 22. d6 Qa7 23. Nxf6+ Nxf6 {Keymer,V (2558)-Erigaisi,A (2559) Chess.com INT 2020 0-1 (41)}) ({RR} 9. d4 Nbd7 10. Bg2 bxc4 11. bxc4 Rb8 12. Rb1 a5 13. O-O Ba6 14. Nd2 e5 15. Re1 exd4 16. exd4 dxc4 17. Bxc6 Qc7 18. Bg2 Bf4 19. Nde4 Rfe8 20. Ba1 h6 21. d5 Be5 22. d6 Qa7 23. Nxf6+ Nxf6 {Keymer,V (2558)-Erigaisi,A (2559) Chess.com INT 2020 0-1 (41)}) 9... Ne4 10. Rg1 Nd7 11. Qc2 f5 12. gxf6 Nexf6 13. Ng5 Qe7 14. Bd3 h6 15. Nh7 Rf7 16. f4 Bb7 17. Ne2 e5 18. Nxf6+ Nxf6 19. Bg6 Rff8 20. Ng3 Bc8 21. c5 Bc7 22. O-O-O Bd7 23. Rde1 Kh8 24. Bf5 Be8 25. Kb1 a5 26. a3 Ra7 27. Bg6 Bd7 28. Ref1 b4 29. a4 Bb8 30. Ne2 Bxh3 31. Rf2 Bd7 32. Rh2 Bc7 33. fxe5 Bxe5 34. Nf4 Bxb2 35. Qxb2 Kg8 36. Bc2 Ng4 37. Rhg2 Qg5 38. Qd4 h5 39. Rh1 Be8 40. Qd3 g6 41. Ne6 Qe7 42. Nxf8 Qxf8 43. Qd4 Rf7 44. Ka2 Rf1 45. Rgg1 Rxg1 46. Rxg1 Qf2 47. Rc1 h4 48. Qxg4 1-0

[Event "Chessable Masters Play-In"]
[Site "chess.com INT"]
[Date "2025.02.17"]
[Round "8"]
[White "Meier, Geo"]
[Black "Anton Guijarro, D."]
[Result "1-0"]
[WhiteElo "2595"]
[BlackElo "2668"]
[PlyCount "113"]
[EventDate "2025.02.17"]

1. Nf3 d5 2. g3 c5 3. Bg2 Nc6 4. d4 e6 5. O-O cxd4 6. Nxd4 Bc5 7. Nxc6 bxc6 8. c4 Nf6 9. Qc2 Qe7 10. Nc3 O-O 11. b3 ({RR} 11. Bf4 Ba6 12. Na4 Bb4 13. a3 Bd6 14. Bxd6 Qxd6 15. Rfd1 Qe7 16. b3 Rab8 17. Qc3 dxc4 18. bxc4 c5 19. Rd3 h6 20. Rad1 Rfc8 21. Rd6 Bb7 22. Qe3 Bxg2 23. Kxg2 Qc7 24. Nxc5 Ne8 25. Nxe6 Qb7+ {Carlsen,M (2864)-Praggnanandhaa,R (2661) Miami 2022 ½-½ (76)}) 11... Bb7 12. Bb2 e5 $146 ({RR} 12... Rac8 13. e3 a5 14. Na4 Bd6 15. Rac1 Ba3 16. Rfd1 Bxb2 17. Qxb2 Rfd8 18. Rd2 e5 19. Rcd1 e4 20. Bh3 Rb8 21. Qc3 Ra8 22. Rc1 Ra7 23. cxd5 cxd5 24. Qc7 Ba6 25. Qxe7 Rxe7 26. Rc5 g5 27. Rxa5 {Moiseenko,V (2492)-Kryzhanovskiy,M (2064) Sochi 2018 1-0 (65)}) ({RR} 12... Rfd8 13. e3 Ba6 14. Na4 Bd6 15. Rfd1 Bc7 16. Rac1 Rac8 17. Bxf6 Qxf6 18. Nc5 Bb5 19. cxb5 cxb5 20. Na6 Bb6 21. Qxc8 Rxc8 22. Rxc8+ Bd8 23. Nb8 h5 24. Nc6 Kh7 25. Rxd8 e5 26. Bxd5 h4 27. Rd7 {Vaganian,R (2449)-Salimova,A (2050) chess.com INT 2025 1-0 (33)}) ({RR} 12... Rac8 13. Rad1 e5 14. e3 d4 15. exd4 Bxd4 16. Ne4 Bxb2 17. Nxf6+ Qxf6 18. Qxb2 Qe7 19. Rfe1 Rfe8 20. Re3 f6 21. Red3 Rc7 22. Qd2 Bc8 23. Rd6 e4 24. Re1 f5 25. g4 g6 26. gxf5 gxf5 27. Re3 {Baum,B (2177)-Pfrommer,M (1949) Freudenstadt 2019 ½-½ (41)}) 13. Na4 Bd6 14. e3 h5 15. Qf5 Rad8 16. cxd5 cxd5 17. Rac1 Rfe8 18. Rfd1 h4 19. gxh4 Ne4 20. Bxe4 dxe4 21. Qg5 f6 22. Qg6 Ba6 23. Nc3 Qf7 24. Qxf7+ Kxf7 25. Nxe4 Bb8 26. f3 Kg6 27. Ng3 Rxd1+ 28. Rxd1 Rc8 29. Rd2 e4 30. fxe4 Bxg3 31. hxg3 Kh5 32. e5 Kg4 33. exf6 gxf6 34. Kf2 f5 35. a4 Bb7 36. b4 Be4 37. Bd4 Rc4 38. Rb2 a6 39. Be5 Bb7 40. Ke2 Be4 41. Kd2 Kh5 42. b5 Rxa4 43. b6 Bb7 44. Rc2 Rb4 45. Bd4 a5 46. Rc7 Be4 47. Kc3 Rb1 48. Ra7 Rc1+ 49. Kb3 Rb1+ 50. Kc4 Kg4 51. Rg7+ Kf3 52. h5 Rc1+ 53. Kb5 Rh1 54. Kxa5 Rxh5 55. Ka6 Rh6 56. Ka7 Rh8 57. b7 1-0

[Event "Chessable Masters Play-In"]
[Site "chess.com INT"]
[Date "2025.02.17"]
[Round "8"]
[White "Muradli, Mahammad"]
[Black "Kuzubov, Y."]
[Result "1-0"]
[WhiteElo "2588"]
[BlackElo "2597"]
[PlyCount "105"]
[EventDate "2025.02.17"]

1. Nf3 d5 2. c4 d4 3. b4 g5 4. g3 ({RR} 4. h3 Bg7 5. d3 h6 6. g3 e5 7. Bg2 Ne7 8. g4 Be6 9. a4 Nd7 10. Ba3 Ng6 11. Nbd2 Nf4 12. Bf1 h5 13. Rg1 hxg4 14. hxg4 a5 15. b5 c5 16. bxc6 bxc6 17. Ne4 Bf8 18. Nfxg5 Bxa3 {Shapiro,D (2702)-Szpar,M (2923) Chess.com 2024 0-1 (39)}) 4... Bg7 ({RR} 4... g4 5. Nh4 e5 6. Bg2 Be7 7. O-O Bxh4 8. gxh4 Ne7 9. e3 Ng6 10. exd4 Nxh4 11. d5 Bf5 12. Bb2 Nd7 13. Re1 O-O 14. d4 e4 15. Nd2 Nf6 16. Nf1 b5 17. Qd2 Bg6 18. d6 Nh5 19. d5 {Ioannidis,E (2499)-Kuzubov,Y (2609) chess.com INT 2024 0-1 (53)}) 5. Qb3 e5 $146 ({RR} 5... g4 6. Nh4 e5 7. e3 Bf6 8. exd4 exd4 9. Bb2 Ne7 10. Na3 a5 11. Qa4+ Bd7 12. b5 Na6 13. Qxa5 Nc5 14. Qb4 b6 15. d3 Ra4 16. Qd2 Bxh4 17. gxh4 Qa8 18. Rg1 Rxa3 19. Bxa3 Qxa3 20. Rd1 {Gilbert,A (1797)-Levin,A (2016) Reykjavik ISL 2025 0-1 (35)}) 6. d3 h6 7. Bg2 Ne7 8. a4 a5 9. b5 c5 10. bxc6 Nexc6 11. Na3 Na6 12. Nb5 Nc5 13. Qb1 Rb8 14. Ba3 b6 15. Nxg5 hxg5 16. Bxc6+ Kf8 17. Bd5 Kg8 18. Bxc5 bxc5 19. Qa2 Rb6 20. O-O-O g4 21. e4 Rbh6 22. h4 gxh3 23. f4 h2 24. Qf2 exf4 25. gxf4 Qh4 26. Rd2 Qxf2 27. Rxf2 Kf8 28. Kc2 Bd7 29. e5 Rh4 30. Nd6 Bxa4+ 31. Kb2 Rh3 32. Nxf7 R8h4 33. Ng5 Rxd3 34. Ne6+ Ke7 35. Nxc5 Re3 36. Nxa4 d3 37. Nc3 d2 38. Kc2 Rhh3 39. Nd1 Ra3 40. Rhxh2 Ra2+ 41. Kb1 Rha3 42. Rxd2 Ra1+ 43. Kc2 a4 44. Rh7 Kf8 45. Rg2 R3a2+ 46. Nb2 a3 47. Rgxg7 Rxb2+ 48. Kc3 Rc1+ 49. Kd4 Rd2+ 50. Kc5 Rxd5+ 51. Kxd5 a2 52. Ra7 Kg8 53. Rhb7 1-0

[Event "Chessable Masters Play-In"]
[Site "chess.com INT"]
[Date "2025.02.17"]
[Round "8"]
[White "Narayanan, Sri"]
[Black "Eljanov, P."]
[Result "1-0"]
[WhiteElo "2516"]
[BlackElo "2658"]
[PlyCount "109"]
[EventDate "2025.02.17"]

1. Nf3 ({RR} 1. d4 Nf6 2. Nf3 g6 3. g3 Bg7 4. Bg2 d5 5. O-O O-O 6. b3 c5 {½-½ (10) Bogdan,D (2367)-Berebora,F (2375) Sarospatak 1999}) 1... Nf6 2. b3 g6 3. Bb2 Bg7 4. g3 O-O 5. Bg2 c5 6. O-O d5 7. d4 cxd4 8. Nxd4 Re8 9. c4 e5 10. Nc2 ({RR} 10. Nb5 a6 11. N5c3 d4 12. Nd5 Nc6 13. e4 b5 14. Nd2 bxc4 15. bxc4 Rb8 16. Ba3 Be6 17. Qa4 Qa5 18. Qxa5 Nxa5 19. Rab1 Bxd5 20. cxd5 Bf8 21. d6 Nd7 22. Bh3 Red8 23. Bxd7 Rxb1 24. Rxb1 Rxd7 {Aryan,C (2607)-Raja,R (2472) Sant Ferran de ses Roques ESP 2023 1-0 (39)}) ({RR} 10. Nb5 d4 11. e3 a6 12. N5a3 Nc6 13. exd4 exd4 14. Bxc6 bxc6 15. Qxd4 Qa5 16. c5 Nh5 {0-1 (16) Hajiyev,K (2109)-Preotu,R (2463) chess.com INT 2024}) 10... d4 11. Nd2 $146 ({RR} 11. e4 Nbd7 12. Ne1 Nc5 13. f3 a5 14. Nd3 Nxd3 15. Qxd3 Nd7 16. Rd1 Nc5 17. Qd2 Bd7 18. Bf1 Bc6 19. Na3 f5 20. exf5 Bxf3 21. fxg6 hxg6 22. Be2 Bc6 23. Nb5 Ne4 24. Qd3 Rf8 25. Rf1 Qd7 {Sanchez,M-Darcyl,T (2285) La Falda 1984 0-1 (42)}) 11... Nc6 12. b4 Bg4 13. Nb3 Qc7 14. b5 Ne7 15. Rc1 Rad8 16. Nb4 h5 17. Qd2 h4 18. h3 hxg3 19. hxg4 gxf2+ 20. Rxf2 Nxg4 21. Nd5 Nxd5 22. cxd5 Qd6 23. Qg5 Nxf2 24. Kxf2 e4 25. Bxd4 Qxd5 26. Qxd5 Rxd5 27. Bxg7 Kxg7 28. a4 e3+ 29. Kf1 Rf5+ 30. Bf3 Rh8 31. Rc3 Rh4 32. Nc5 b6 33. Nb7 Rxa4 34. Nd6 Rc5 35. Rxe3 Rd4 36. Ne8+ Kh6 37. Bc6 a5 38. Nc7 a4 39. Na8 Rc1+ 40. Kf2 Rb1 41. Nxb6 Rb3 42. Nd5 Rxe3 43. Kxe3 a3 44. Nc3 Rb4 45. Bd5 f5 46. Kd3 g5 47. Bc4 g4 48. Bd5 f4 49. Na2 Rxb5 50. Be4 Rb2 51. Nc3 a2 52. Nd5 a1=Q 53. Nxf4 Rb3+ 54. Kc4 Qa7 55. Kd5 1-0

[Event "Titled Tue 4th Feb Early"]
[Site "chess.com INT"]
[Date "2025.02.04"]
[Round "4"]
[White "Shuvalova, Polina"]
[Black "Aravindh, Chithambaram VR."]
[Result "1-0"]
[WhiteElo "2508"]
[BlackElo "2729"]
[PlyCount "145"]
[EventDate "2025.02.04"]

1. Nf3 g6 2. g3 Bg7 3. Bg2 e5 4. e4 Nc6 5. O-O Nge7 6. c3 O-O 7. d4 exd4 8. cxd4 d5 9. e5 Bg4 10. Nc3 f6 11. exf6 Bxf6 12. Bh6 Rf7 13. Be3 Qd7 $146 ({RR} 13... Nxd4 14. Bxd4 Bxf3 15. Bxf3 Bxd4 16. Qxd4 Rxf3 17. Rad1 c6 18. Ne4 Qf8 19. Ng5 Rf5 20. Qh4 h6 21. Nh3 Rh5 22. Qg4 Qf5 23. Qxf5 Rxf5 24. Rfe1 Kf7 25. Nf4 g5 26. Nd3 Ng6 27. Nc5 b6 28. Nb3 {Gutman,R-Dubisch,R (2300) Seattle 1991 0-1 (41)}) 14. Qd2 Bxf3 15. Bxf3 Bxd4 16. Bxd5 Nxd5 17. Bxd4 Rd8 18. Rad1 Nf4 19. Be3 Qxd2 20. Rxd2 Rxd2 21. Bxd2 Nd3 22. Be3 Nce5 23. b3 Nf3+ 24. Kg2 Nde1+ 25. Kh3 h5 26. Ne4 Rf5 27. Nd2 g5 28. g4 hxg4+ 29. Kg3 Nxd2 30. Rxe1 Nf3 31. Rd1 Ne5 32. Bxa7 Rf3+ 33. Kg2 Kf7 34. Be3 Kf6 35. Rd5 Ng6 36. Bxg5+ Ke6 37. Rb5 b6 38. Be3 Nh4+ 39. Kg1 Rh3 40. Rb4 Nf3+ 41. Kf1 Rxh2 42. Rxg4 Ne5 43. Rg7 Rh1+ 44. Ke2 c5 45. Bf4 Nc6 46. Rg6+ Kd5 47. Rd6+ Ke4 48. Rxc6 Kxf4 49. Rxb6 Ra1 50. Ra6 Rb1 51. Kd3 Rc1 52. Ra4+ Ke5 53. Rc4 Rd1+ 54. Kc2 Rd5 55. f4+ Kd6 56. a4 Kc6 57. Re4 Rh5 58. Kc3 Rh1 59. Kc2 Rh2+ 60. Kc3 Rh1 61. Kb2 Rh2+ 62. Ka3 Rh1 63. Rc4 Ra1+ 64. Kb2 Rf1 65. b4 Kd5 66. Rxc5+ Kd4 67. a5 Rxf4 68. Kb3 Rf1 69. Ka4 Rf8 70. Rc6 Kd5 71. Rc1 Rf2 72. Kb5 Rc2 73. Rxc2 1-0

[Event "Titled Tue 4th Feb Early"]
[Site "chess.com INT"]
[Date "2025.02.04"]
[Round "7"]
[White "Oparin, G."]
[Black "Theodorou, Nikolas"]
[Result "1-0"]
[WhiteElo "2660"]
[BlackElo "2611"]
[PlyCount "59"]
[EventDate "2025.02.04"]

1. Nf3 Nf6 2. g3 b6 3. d4 Bb7 4. c4 g6 5. Bg2 Bg7 6. O-O O-O 7. Re1 d6 ({RR} 7... e6 8. Bf4 d6 9. Nbd2 Nc6 10. Nb3 Re8 11. Bg5 h6 12. Bxf6 Qxf6 13. e3 a5 14. Nfd2 e5 15. dxe5 dxe5 16. Ne4 Qe7 17. Nc3 e4 18. Nd5 Qe5 19. Re2 Nb4 20. Nxb4 axb4 21. Rd2 c5 22. Bh3 {Nakamura,H (2768)-Carlsen,M (2852) chess.com INT 2023 ½-½ (44)}) 8. Bf4 ({RR} 8. Qc2 Nbd7 9. e4 e5 10. Nc3 exd4 11. Nxd4 Re8 12. Rd1 Nc5 13. f3 a5 14. Ndb5 Nfd7 15. b3 Ne5 16. Bb2 Rc8 17. f4 Ng4 18. Re1 c6 19. h3 Nf6 20. Nd4 Nh5 21. Nde2 d5 22. g4 Nf6 {Gorovets,A (2465)-Dreelinck,J (2224) chess.com INT 2025 1-0 (32)}) 8... c5 $146 ({RR} 8... Nbd7 9. Qc2 c5 10. d5 b5 11. e4 bxc4 12. Nfd2 Nb6 13. Na3 Rb8 14. Naxc4 Nxc4 15. Nxc4 Ba6 16. e5 Ne8 17. b3 Bxc4 18. Qxc4 Rb4 19. Qc2 Nc7 20. a4 Rd4 21. Rad1 Rb4 22. Bg5 f6 23. exd6 {Pantsulaia,L (2597)-Danielyan,V (2346) chess.com INT 2023 1-0 (47)}) ({RR} 8... Nbd7 9. Qc2 Re8 10. e4 e5 11. Bd2 exd4 12. Nxd4 Nc5 13. Nc3 Ng4 14. Nde2 Qf6 15. Rf1 Ne5 16. Nf4 Nxc4 17. Ncd5 Qxb2 18. Qxc4 Qxd2 19. Nxc7 Bxa1 20. Rxa1 Nxe4 21. Qf1 Rac8 22. Nxe8 Rxe8 23. a4 {Pantsulaia,L (2597)-Mamedyarov,S (2817) St Petersburg 2018 0-1 (34)}) 9. d5 b5 10. e4 b4 11. Qc2 a5 12. e5 dxe5 13. Nxe5 Ra6 14. Nd2 Nh5 15. Qe4 Nxf4 16. Qxf4 Qd6 17. Nd3 Nd7 18. Qe3 Bd4 19. Qxe7 Bc8 20. Nb3 Qxe7 21. Rxe7 Bf6 22. Re2 a4 23. Nbxc5 Nxc5 24. Nxc5 a3 25. Rb1 axb2 26. Rbxb2 Ra5 27. Nb3 Ra3 28. Rbc2 Bg4 29. Re3 Bc3 30. d6 1-0

[Event "Titled Tue 4th Feb Early"]
[Site "chess.com INT"]
[Date "2025.02.04"]
[Round "8"]
[White "Gurel, Ediz"]
[Black "Moroni, L."]
[Result "1-0"]
[WhiteElo "2624"]
[BlackElo "2552"]
[PlyCount "123"]
[EventDate "2025.02.04"]

1. Nf3 g6 2. b3 Bg7 3. d4 c5 4. Bb2 cxd4 5. Nxd4 Nf6 6. e3 O-O 7. Be2 Nc6 8. O-O b6 9. Nd2 Bb7 10. c4 Nxd4 $146 ({RR} 10... d5 11. Nxc6 Bxc6 12. Bf3 Rc8 13. Rc1 Ba8 14. Bxf6 Bxf6 15. Bxd5 Bxd5 16. cxd5 Rxc1 17. Qxc1 Qxd5 18. Nf3 Rd8 19. h3 e6 20. Qc2 Qd7 21. Rc1 Kg7 22. Qc7 Bb2 23. Qxd7 Rxd7 24. Rc2 Ba3 25. g3 {Varga,A (1758)-Juhasz,J Budapest 2013 1-0 (57)}) 11. Bxd4 d5 12. Rc1 Rc8 13. h3 Qd7 14. Bf3 dxc4 15. Nxc4 Bxf3 16. Qxf3 Qd5 17. Qe2 b5 18. Nd2 a6 19. Nf3 Ne4 20. Bxg7 Kxg7 21. Qb2+ Kg8 22. Rfd1 Qb7 23. Qe5 b4 24. Rxc8 Rxc8 25. Rd4 Nc3 26. Rd2 Ne4 27. Rd4 Nc3 28. Kh1 Nxa2 29. Qf4 Rc1+ 30. Ng1 Qc7 31. Qe4 a5 32. Qa8+ Kg7 33. Rd8 Nc3 34. Rg8+ Kf6 35. Qf3+ Ke6 36. Rf8 f5 37. g4 Qe5 38. gxf5+ gxf5 39. Qc6+ Qd6 40. Qc8+ Qd7 41. Qa6+ Qd6 42. Qxa5 Qd5+ 43. Qxd5+ Nxd5 44. Kg2 Rb1 45. Ne2 Nc3 46. Nd4+ Kd7 47. Rxf5 Kd6 48. f4 Nd5 49. Re5 Re1 50. Kf3 Nc3 51. Nf5+ Kc6 52. Rxe7 Kc5 53. Rxh7 Rf1+ 54. Kg2 Rb1 55. Nd4 Nd5 56. Kf3 Re1 57. Nc2 Rb1 58. Rh5 Rxb3 59. Ke4 Kc4 60. Rxd5 Rb2 61. Rd4+ Kc3 62. Nxb4 1-0

[Event "Titled Tue 4th Feb Early"]
[Site "chess.com INT"]
[Date "2025.02.04"]
[Round "9"]
[White "Boyer, Mahel"]
[Black "Martinez Alcantara, Jose Eduardo"]
[Result "1-0"]
[WhiteElo "2509"]
[BlackElo "2606"]
[PlyCount "133"]
[EventDate "2025.02.04"]

1. Nf3 c5 2. e3 Nf6 3. b3 e6 4. Bb2 b6 5. d4 Bb7 6. Bd3 Be7 7. O-O O-O 8. Nbd2 ({RR} 8. dxc5 bxc5 9. c4 Nc6 10. Nc3 d6 11. Qe2 Qc7 12. Rad1 Rad8 13. Bb1 a6 14. Rd2 Rd7 15. Rfd1 Rfd8 16. Ne4 Nxe4 17. Bxe4 h6 18. Bc3 Bf8 19. h4 Ne7 20. Bb1 Bc6 21. h5 Qb7 22. Nh4 Be4 {Nakamura,H (2768)-Oparin,G (2667) chess.com INT 2023 1-0 (46)}) 8... cxd4 ({RR} 8... d5 9. Re1 Nc6 10. a3 Rc8 11. Rc1 Qc7 12. c4 dxc4 13. Nxc4 cxd4 14. Nxd4 Nxd4 15. Bxd4 Rfd8 16. Qe2 b5 17. Nd2 Qxc1 18. Rxc1 Rxc1+ 19. Nf1 Bxa3 20. Bxb5 e5 21. Bxe5 Rdd1 22. Qa2 Bc5 23. Be2 {Ghasi,A (2508)-Vlassov,N (2283) chess.com INT 2023 0-1 (31)}) 9. Nxd4 d6 10. Qe2 $146 ({RR} 10. c4 Nbd7 11. Rc1 Rc8 12. Bb1 a6 13. Qe2 Re8 14. Rfd1 Nf8 15. Nf1 Ng6 16. Bxg6 hxg6 17. Ng3 Rc7 18. e4 Qa8 19. f3 Rec8 20. Qd2 Qb8 {½-½ (20) Weighell,M (2138)-Donovan,N (2168) London 2002}) 10... Nbd7 11. Ba6 Qc8 12. Bxb7 Qxb7 13. c4 a6 14. Rac1 Rac8 15. Rfd1 Rc7 16. a4 Rfc8 17. e4 Bf8 18. Qe3 Nc5 19. f3 Ncd7 20. Nf1 Re8 21. Qg5 Rc5 22. Qg3 h6 23. Ne3 Rec8 24. h4 Ne5 25. Qh3 Re8 26. Ne2 b5 27. Bd4 Rcc8 28. axb5 axb5 29. c5 Ned7 30. cxd6 Rxc1 31. Nxc1 Qc6 32. e5 Nd5 33. Nxd5 Qxd5 34. f4 f6 35. Qf3 fxe5 36. Qxd5 exd5 37. Bxe5 Nxe5 38. fxe5 Rxe5 39. d7 Be7 40. Nd3 Rf5 41. Nb4 Rf8 42. Nc6 Bd8 43. Rxd5 b4 44. Nxb4 Kf7 45. Nc6 Ke6 46. Rd3 Bxh4 47. d8=Q Bxd8 48. Nxd8+ Ke5 49. Nc6+ Ke4 50. Rd7 g5 51. b4 Rf5 52. Rd4+ Ke3 53. Rc4 h5 54. Rc5 Rf6 55. b5 g4 56. b6 Ke2 57. Re5+ Kd2 58. b7 Rxc6 59. b8=Q g3 60. Qd8+ Kc2 61. Re2+ Kb3 62. Qd2 Rc3 63. Re3 Kc4 64. Qxc3+ Kb5 65. Re5+ Kb6 66. Qc5+ Ka6 67. Re7 1-0

[Event "Titled Tue 4th Feb Early"]
[Site "chess.com INT"]
[Date "2025.02.04"]
[Round "10"]
[White "Gurel, Ediz"]
[Black "Tang, Andrew"]
[Result "1-0"]
[WhiteElo "2624"]
[BlackElo "2529"]
[PlyCount "69"]
[EventDate "2025.02.04"]

1. Nf3 d5 2. b3 c5 3. e3 Nc6 4. Bb2 Nf6 5. Be2 e6 6. O-O Bd6 7. d4 ({RR} 7. c4 d4 8. exd4 cxd4 9. d3 e5 10. Na3 O-O 11. Re1 Re8 12. Bf1 Bg4 13. h3 Bh5 14. g4 Bg6 15. Nh4 e4 16. Nxg6 hxg6 17. Bg2 e3 18. fxe3 dxe3 19. Nc2 Bc7 20. c5 Nd5 21. Qf3 Nf4 {Domingo Nunez,R (2416)-Pranav,A (2515) chess.com INT 2023 0-1 (36)}) 7... O-O 8. Nbd2 ({RR} 8. dxc5 Bxc5 9. Nbd2 Bd6 10. c4 Re8 11. cxd5 exd5 12. a3 Bf5 13. b4 a6 14. Nb3 Ne4 15. Rc1 Rc8 16. Nbd4 Bg6 17. Nxc6 Rxc6 18. Rxc6 bxc6 19. Bxa6 Bh5 20. Be2 Qc7 21. h3 Qe7 22. Qd4 f6 {Geivondian,A (2297)-Preobrazhenskaya,D (2032) chess.com INT 2025 0-1 (34)}) 8... b6 9. c4 cxd4 $146 ({RR} 9... Bb7 10. cxd5 exd5 11. Rc1 Re8 12. Qc2 Rc8 13. Qb1 Ne4 14. Rfd1 cxd4 15. Nxe4 dxe4 16. Nxd4 Nxd4 17. Bxd4 Rxc1 18. Qxc1 Qc7 19. Qxc7 Bxc7 20. Bb5 Rd8 21. Rc1 Bd6 22. h3 Kf8 23. g4 f6 24. Kf1 {Cavalcanti,F (2197)-Bezerra,F (2039) Recife 2015 ½-½ (34)}) ({RR} 9... Bb7 10. cxd5 exd5 11. Rc1 Rc8 12. Re1 Re8 13. Nf1 cxd4 14. Nxd4 Ne5 15. Ng3 Bb4 16. Rf1 a6 17. Ndf5 Rxc1 18. Qxc1 g6 19. Nd4 Qe7 20. a3 Bd6 21. b4 Rc8 22. Qa1 Ne4 23. Ndf5 gxf5 24. Nxf5 {Stap,K (2110)-Middelveld,M (2033) Dieren 2007 1-0 (37)}) 10. Nxd4 Nxd4 11. Bxd4 Bb7 12. Nf3 Rc8 13. Rc1 Qe7 14. Bb2 h6 15. h3 Rfd8 16. cxd5 Nxd5 17. Rxc8 Rxc8 18. Qa1 Qf8 19. Ne5 Ba3 20. Bc4 Bxb2 21. Qxb2 Qe7 22. Rd1 Nf6 23. Qd4 Nd5 24. Qg4 Rd8 25. Rd4 Nf6 26. Rxd8+ Qxd8 27. Nxf7 Kxf7 28. Qxe6+ Kg6 29. Qf7+ Kh7 30. Qxb7 Qd1+ 31. Kh2 Qc2 32. Qf3 Qxa2 33. Qf5+ Kh8 34. Qc8+ Kh7 35. Bd3+ 1-0

[Event "Titled Tue 4th Feb Early"]
[Site "chess.com INT"]
[Date "2025.02.04"]
[Round "10"]
[White "Praggnanandhaa, R."]
[Black "Niemann, Hans Moke"]
[Result "1-0"]
[WhiteElo "2741"]
[BlackElo "2734"]
[PlyCount "95"]
[EventDate "2025.02.04"]

1. Nf3 d5 2. g3 Nc6 3. d4 Bf5 4. Bg2 Nb4 5. Na3 e6 6. O-O Be7 7. c3 Nc6 8. Qb3 Rb8 9. Ne5 Nf6 10. Qa4 O-O 11. Nxc6 bxc6 12. Qxc6 a5 $146 ({RR} 12... Qc8 13. b4 e5 14. Bxd5 exd4 15. Bg2 dxc3 16. Qxc3 Bxb4 17. Qc4 Be6 18. Qc2 Bf5 19. e4 Be6 20. Nc4 Qa6 21. Ne5 Qa5 22. Nc6 Qh5 23. Nxb8 Rxb8 24. Rb1 Rb6 25. Be3 c5 26. a3 Ba5 27. Qxc5 {Praggnanandhaa,R (2608)-Avalyan,A (2342) Chess.com INT 2020 1-0 (49)}) ({RR} 12... Rb6 13. Qa4 Qc8 14. b4 Ne4 15. Nb1 h5 16. f3 Nd6 17. Nd2 h4 18. e4 Bg6 19. Qd1 hxg3 20. hxg3 dxe4 21. fxe4 Bg5 22. Qe2 Re8 23. Nb3 Qd8 24. Nc5 e5 25. d5 c6 26. a4 cxd5 27. exd5 {Amin,B (2682)-Cheng,B (2583) Almaty KAZ 2022 1-0 (44)}) 13. Qa4 c5 14. Nc2 Qb6 15. dxc5 Bxc5 16. Nd4 Bg6 17. Nb3 Ra8 18. Nxc5 Qxc5 19. Be3 Qc7 20. c4 Rab8 21. cxd5 Nxd5 22. Bxd5 exd5 23. Bf4 Qe7 24. Bxb8 Rxb8 25. Rfe1 Rxb2 26. Qxa5 h6 27. Qxd5 Rxe2 28. Rxe2 Qxe2 29. Qd1 Qc4 30. Qb3 Qc6 31. f3 Qc5+ 32. Kg2 Qe5 33. Rf1 h5 34. h4 Bf5 35. Rf2 Qe1 36. Qb2 Be6 37. a4 Bd5 38. Qd2 Qe6 39. a5 Bb7 40. Qb4 Qc6 41. Qb6 Qd5 42. a6 Bc6 43. a7 Kh7 44. Qb1+ g6 45. Qe4 Qxe4 46. fxe4 Bxe4+ 47. Kh2 f5 48. Re2 1-0

[Event "Titled Tue 4th Feb Late"]
[Site "chess.com INT"]
[Date "2025.02.04"]
[Round "9"]
[White "Carlsen, M."]
[Black "Fawzy, Adham"]
[Result "1-0"]
[WhiteElo "2833"]
[BlackElo "2513"]
[PlyCount "77"]
[EventDate "2025.02.04"]

1. Nf3 c5 2. e3 Nc6 3. Bb5 g6 4. O-O Bg7 5. d4 cxd4 6. exd4 a6 $146 ({RR} 6... d5 7. c4 Nf6 8. Nc3 O-O 9. Ne5 Bd7 10. Nxd7 Qxd7 11. c5 a6 12. Ba4 Ne4 13. Nxe4 dxe4 14. d5 Rad8 15. dxc6 Qf5 16. Qc2 bxc6 17. Be3 Bd4 18. Bxc6 {1-0 (18) Mickiewicz,P (2279)-Simonovic,M (2097) chess.com INT 2023}) ({RR} 6... Qb6 7. Nc3 Nf6 8. d5 Nb8 9. a4 O-O 10. a5 Qd8 11. Re1 Na6 12. Bg5 Nc5 13. Qe2 Re8 14. Qe3 Na6 15. d6 e6 16. Ra4 b6 17. Qe5 Bb7 18. axb6 axb6 19. Rea1 Nb4 20. Rxa8 Bxa8 21. Rxa8 {Al Ali,H (2363)-Ahmad,A (1976) Guangzhou 2010 1-0 (42)}) 7. Be2 d5 8. c3 Nf6 9. h3 O-O 10. Bf4 Ne4 11. Nbd2 Nd6 12. Re1 Re8 13. Qb3 e6 14. Bd3 Na5 15. Qc2 Nac4 16. h4 b5 17. h5 Bb7 18. a4 Bc6 19. axb5 Bxb5 20. Nf1 Rc8 21. h6 Bh8 22. N1h2 Nb6 23. Ng4 Nf5 24. Bxb5 axb5 25. Ra7 Nd7 26. Qd3 b4 27. Qb5 Re7 28. Qxb4 Ra8 29. Rea1 Rc8 30. Rb7 Nf8 31. Raa7 Rxb7 32. Qxb7 Qe8 33. Be5 Bxe5 34. Nfxe5 Nd6 35. Nf6+ Kh8 36. Qxf7 Nxf7 37. Rxf7 Qd8 38. Rxh7+ Nxh7 39. Nxg6# 1-0

[Event "British Rapidplay 2025"]
[Site "Peterborough ENG"]
[Date "2025.03.02"]
[Round "7.1"]
[White "Jones, G."]
[Black "Ghasi, A."]
[Result "1-0"]
[WhiteElo "2654"]
[BlackElo "2505"]
[PlyCount "55"]
[EventDate "2025.03.01"]
[EventType "rapid"]

1. Nf3 Nf6 2. g3 g6 3. b3 Bg7 4. Bb2 O-O 5. Bg2 d6 6. d4 b5 7. Na3 ({RR} 7. O-O Bb7 8. Nbd2 Nbd7 9. c4 bxc4 10. Nxc4 a5 11. Rc1 Nb6 12. Nfd2 Bxg2 13. Kxg2 a4 14. e4 axb3 15. axb3 Nxc4 16. Rxc4 Nxe4 17. Nxe4 d5 18. Rc5 dxe4 19. Qc2 Ra2 20. Rd1 Bxd4 21. Qxe4 Rxb2 {Carlsen,M (2835)-Firouzja,A (2777) chess.com INT 2023 1-0 (113)}) ({RR} 7. O-O Bb7 8. Na3 b4 9. Nc4 a5 10. a3 Nbd7 11. Ra2 Qb8 12. Qa1 Be4 13. Ncd2 Bd5 14. Bh3 e6 15. Ne1 Qb5 16. Nd3 Ne4 17. Nxe4 Bxe4 18. Rd1 Nb6 19. f3 Bxd3 20. Rxd3 a4 21. Bf1 Qc6 {Harvey,M (2462)-Ghasi,A (2496) Kenilworth ENG 2023 ½-½ (47)}) 7... b4 8. Nc4 a5 ({RR} 8... Bb7 9. a3 a5 10. O-O Nbd7 11. axb4 axb4 12. Qd2 c5 13. dxc5 dxc5 14. Rxa8 Bxa8 15. Rd1 Qc7 16. Nfe5 Nxe5 17. Nxe5 Qb6 18. Bxa8 Rxa8 19. Nxf7 Ra2 20. Bxf6 Qxf6 21. Ng5 Qd4 22. Qc1 Qe5 23. Rd8+ {Boyer,M (2529)-Koutlas,N (2369) Eforie Nord ROU 2025 1-0 (43)}) 9. Nfe5 $146 ({RR} 9. a3 Bb7 10. axb4 axb4 11. Rxa8 Bxa8 12. O-O Nbd7 13. Qd2 Qb8 14. Ra1 c5 15. Qe3 Be4 16. Bh3 Bxf3 17. Qxf3 d5 18. Na5 Qc7 19. Bxd7 Qxd7 20. dxc5 Qc7 21. c6 Ra8 22. Qf4 Qxf4 23. gxf4 Ne8 {Posthuma,J (2405)-Chen,R (2265) Chicago 2022 1-0 (42)}) 9... d5 10. a3 Ra6 11. Nd2 c5 12. dxc5 Qc7 13. axb4 axb4 14. Nd3 Nc6 15. Nf3 Rd8 16. O-O d4 17. Rxa6 Bxa6 18. Qa1 Bxd3 19. cxd3 e5 20. Nd2 Ne7 21. Rc1 Nfd5 22. Rc4 f5 23. Qa6 Qc8 24. Qxc8 Rxc8 25. c6 Kf7 26. Rc5 Ke6 27. Nc4 Rxc6 28. Bxd5+ 1-0